000 00660cam a22002413a 4500
001 18902
003 PGUSA
005 20140828083412.0
008 060723s2006||||xxu|||||s|||||000 1 eng d
040 _aPGUSA
_beng
042 _adc
050 4 _aPS
100 1 _aBassett, Sara Ware,
_d1872-1968
245 1 0 _aFlood Tide
_h[electronic resource] /
_cSara Ware Bassett
260 _bProject Gutenberg,
_c2006
506 _aPublic domain in the USA.
516 _aElectronic text
653 _aLove stories
653 _aCape Cod (Mass.) -- Fiction
830 0 _aProject Gutenberg
_v18902
856 4 0 _uhttp://www.gutenberg.org/ebooks/18902
942 _cEB
999 _c248157
_d248157